Sổ tay kỹ thuật sản xuất giống cá mú mè (Epinephelus malabaricus)
Sách là cuốn sổ tay hướng dẫn những kỹ thuật cơ bản đến nâng cao trong việc sản xuất giống cá mú mè (Epinephelus malabaricus) mang lại hiệu quả nâng suất cao.
Uloženo v:
| Médium: | Kniha |
|---|---|
| Jazyk: | Undetermined |
| Vydáno: |
Việt Nam
DANIDA
2004
|
| Témata: | |
| Tagy: |
Přidat tag
Žádné tagy, Buďte první, kdo otaguje tento záznam!
|
| Thư viện lưu trữ: | Trung tâm Học liệu Trường Đại học Cần Thơ |
|---|
| LEADER | 00770nam a2200181Ia 4500 | ||
|---|---|---|---|
| 001 | CTU_161040 | ||
| 008 | 210402s9999 xx 000 0 und d | ||
| 082 | |a 639.31 | ||
| 082 | |b S450 | ||
| 245 | 0 | |a Sổ tay kỹ thuật sản xuất giống cá mú mè (Epinephelus malabaricus) | |
| 245 | 0 | |c Người dịch: Lê Đình Bửu | |
| 260 | |a Việt Nam | ||
| 260 | |b DANIDA | ||
| 260 | |c 2004 | ||
| 520 | |a Sách là cuốn sổ tay hướng dẫn những kỹ thuật cơ bản đến nâng cao trong việc sản xuất giống cá mú mè (Epinephelus malabaricus) mang lại hiệu quả nâng suất cao. | ||
| 650 | |a Fish culture | ||
| 904 | |i Giang | ||
| 980 | |a Trung tâm Học liệu Trường Đại học Cần Thơ | ||